000 00389nam a2200145Ia 4500
008 210210b1965 xxu||||| |||| 00| 0 eng d
082 _a398.21 BURM
100 _a-
245 _aBurmese and Thai fairy tales. Retold by Eleanor Brockett.
260 _aBombay.
_bSomaiya Publications Pvt Ltd.,
_c1965
300 _ax,198
650 _aFairy Tales
690 _aFolklore
906 _a031768
999 _c82858
_d82858